000
00327nam a2200133Ia 4500
005
20251222142022.0
008
251222s9999||||xx |||||||||||||| ||spa||
020
_a
950-808-262-3
082
_a
370.193.4/R84
100
_a
Robasco, Inés Cristina
245
0
_a
El Desnutrido Escolar:
264
_b
Homo Sapiens
942
_c
LIB
999
_c
10687
_d
10687